Entry Personal Name
Number of records used in: 1
001 - CONTROL NUMBER
003 - CONTROL NUMBER IDENTIFIER
005 - DATE AND TIME OF LATEST TRANSACTION
- control field:
20230825160843.0
008 - FIXED-LENGTH DATA ELEMENTS
- fixed length control field:
860716n| azannaabn |a aaa
010 ## - LIBRARY OF CONGRESS CONTROL NUMBER
- LC control number:
n 86147003
035 ## - SYSTEM CONTROL NUMBER
- System control number:
(CaEvSKY)skya2827901
035 ## - SYSTEM CONTROL NUMBER
- System control number:
(OCoLC)oca01659554
040 ## - CATALOGING SOURCE
- Original cataloging agency:
DLC
- Language of cataloging:
eng
- Description conventions:
rda
- Transcribing agency:
DLC
- Modifying agency:
DLC
- Modifying agency:
MX-MoT
- Modifying agency:
OCoLC
100 1# - HEADING--PERSONAL NAME
- Personal name:
Barney, Jay B.
373 ## - ASSOCIATED GROUP
- Associated group:
Ohio State University
- Source of term:
naf
374 ## - OCCUPATION
- Occupation:
College teachers
- Source of term:
lcsh
375 ## - GENDER
- Gender:
Males
- Source of term:
lcdgt
377 ## - ASSOCIATED LANGUAGE
400 1# - SEE FROM TRACING--PERSONAL NAME
- Personal name:
Barney, J. B.
670 ## - SOURCE DATA FOUND
- Source citation:
Organizational economics, c1986:
- Information found:
CIP t.p. (Jay B. Barney)
670 ## - SOURCE DATA FOUND
- Source citation:
Resource-based theory, c2007:
- Information found:
CIP t.p. (J. B. Barney) CIP t.p. plus (Jay B. Barney) data view (Jay B. Barney; prof., management and human resources, and Chaise Chair for Excellence in Corporate Strategy, Fisher College of Business, Ohio State U.)